| 000 | 00873naa a2200205 4500 | ||
|---|---|---|---|
| 001 | 2162214035926007 | ||
| 003 | UA-OsUOA | ||
| 005 | 20250528115859.0 | ||
| 008 | 250528b un ||||| |||| 00| 0 ukr d | ||
| 040 |
_aUA-OsUOA _bukr _cUA-OsUOA _dUA-OsUOA |
||
| 041 | _aukr | ||
| 080 | _a908 | ||
| 090 | _a908 | ||
| 100 |
_aЛесик О. В. _920595 |
||
| 245 |
_aЕкономічна рентабельність реставрації, пристосування та експлуатації фортифікаційних комплексів Волині під заклади туризму та відпочинку _cО. В. Лесик |
||
| 300 | _aС. 140–142 | ||
| 650 | _2UDC | ||
| 773 | 0 |
_0408986 _9420917 _dРівне ПП ДМ 2008 _o161064 _tАрхітектурна спадщина Волині _w(UA-OsUOA) 135827 _z978-966-8424-91-5 |
|
| 942 |
_2udc _cBKA |
||
| 999 |
_c578861 _d578861 |
||